| 000 | 00000cam 2200000zi 4500 |
| 001 | 9.961485 |
| 003 | CaOODSP |
| 005 | 20260514105908 |
| 006 | m o d f |
| 007 | cr |n||||||||| |
| 008 | 260330s2026 onc obs f000 0 eng d |
| 020 | |a9780660993133 |
| 040 | |aCaOODSP|beng|erda|cCaOODSP |
| 043 | |an-cn--- |
| 086 | 1 |aPS84-260/2026E-PDF |
| 100 | 1 |aStewart, Molly, |eauthor. |
| 245 | 12|aA profile of black individuals serving indeterminate sentences in Canada / |cprepared by: Molly Stewart & Laura McKendy. |
| 264 | 1|a[Ottawa] : |bCorrectional Service Canada = Service correctionnel du Canada, |c2026. |
| 300 | |a1 online resource (2 unnumbered pages). |
| 336 | |atext|btxt|2rdacontent |
| 337 | |acomputer|bc|2rdamedia |
| 338 | |aonline resource|bcr|2rdacarrier |
| 490 | 1 |aResearch in brief ; |vRIB-25-33 |
| 500 | |aIssued also in French under title: Profil des personnes noires purgeant une peine d’une durée indéterminée au Canada. |
| 504 | |aIncludes bibliographical references. |
| 650 | 0|aMinority prisoners|zCanada|vStatistics. |
| 655 | 7|aStatistics|2lcgft |
| 710 | 2 |aCorrectional Service Canada, |eissuing body. |
| 775 | 08|tProfil des personnes noires purgeant une peine d’une durée indéterminée au Canada / |w(CaOODSP)9.961486 |
| 830 | #0|aResearch in brief (Correctional Service Canada)|vRIB-25-33.|w(CaOODSP)9.805030 |
| 856 | 40|qPDF|sKB|uhttps://publications.gc.ca/collections/collection_2026/scc-csc/PS84-260-2026-eng.pdf |
| 856 | 4 |qHTML|sN/A|uhttps://www.canada.ca/en/correctional-service/corporate/library/research/research-brief/25-33.html |